Statistics for Biggest Trading Partners - Lithuania

Click here to take the quiz!

General Stats

  • This quiz has been taken 22 times
  • The average score is 19 of 20

Answer Stats

Export (By Percent)Country% Correct
9. 3.8%China
100%
4. 5.7%Estonia
100%
3. 7.9%Germany
100%
2. 11.6%Germany
100%
1. 12.8%Latvia
100%
3. 7.9%Latvia
100%
2. 9.1%Poland
100%
1. 11.7%Poland
100%
5. 5.2%Sweden
100%
7. 4.1%Sweden
100%
9. 2.6%Ukraine
100%
8. 3.5%United Kingdom
100%
6. 5.3%United States
100%
4. 7.5%United States
100%
10. 2.4%Norway
95%
6. 4.8%Norway
95%
10. 3.7%Italy
86%
7. 4.5%Netherlands
76%
5. 5.4%Netherlands
76%
8. 4.1%Saudi Arabia
52%

Score Distribution

Percentile by Number Answered

Percent of People with Each Score

Your Score History

You have not taken this quiz